000
00244nam a2200085Ia 4500
245
0
_a
Deadline
100
_a
Crutcher, Chris New York, 2009 1st Harper Teen paperback ed
_9
78528
942
_c
BK
008
210817s9999 xx 000 0 und d
999
_c
271586
_d
271585